Govt. of
Madhya Pradesh

Normal view MARC view

Entry Topical Term

Number of records used in: 1

001 - CONTROL NUMBER

  • control field: 75474

003 - CONTROL NUMBER IDENTIFIER

  • control field: OSt

005 - DATE AND TIME OF LATEST TRANSACTION

  • control field: 20190621162048.0

008 - FIXED-LENGTH DATA ELEMENTS

  • fixed length control field: 190621|| aca||aabn | a|a d

040 ## - CATALOGING SOURCE

  • Original cataloging agency: OSt
  • Transcribing agency: OSt

150 ## - HEADING--TOPICAL TERM

  • Topical term or geographic name entry element: Economic

670 ## - SOURCE DATA FOUND

  • Source citation: Work cat.: (OSt): Sirohi,Dr. P.K. 75473, Macro Economics, 2015